Diez

Na minha lista:
Detalhes bibliográficos
Autor principal: Emar, Juan (Author)
Formato: Livro
Idioma:espanhol
Publicado em: Santiago Universitaria 1997
Colecção:Colección Los Contemporáneos
Assuntos:
Tags: Adicionar Tag
Sem tags, seja o primeiro a adicionar uma tag!

MARC

LEADER 00000nam a2200000 a 4500
001 UCR6056
003 CL-VaPUC
008 980420e19970000CL |||||||||||||||||spa|d
082 0 4 |a Ch863  |b EMA  |2 21 
100 0 |a Emar, Juan  |e author  |9 407131 
245 1 0 |a Diez 
300 |a 175 p 
942 |c BK 
945 |d 19980420 00:00:00  |a rleighto 
260 |a Santiago  |b Universitaria  |c 1997 
650 0 |a Novelas chilenas   |9 265425 
583 |a last modification  |c 19980420 00:00:00  |k Rodrigo Vera 
490 0 |a Colección Los Contemporáneos 
999 |c 268367  |d 268365 
952 |0 0  |1 0  |4 0  |6 CH_863_000000000000000_EMA_1997  |7 0  |8 A  |9 301461  |a BIBEDU  |b BIBEDU  |d 2019-11-20  |i 341616K  |l 2  |o Ch863 EMA 1997  |p 341616K  |r 2025-03-31  |s 2025-03-26  |w 2019-11-20  |y BK  |k LIT 
952 |0 0  |1 0  |4 0  |6 CH_863_000000000000000_EMA_1997  |7 0  |8 A  |9 301462  |a BIBEDU  |b BIBEDU  |d 2019-11-20  |i 3416178  |l 1  |o Ch863 EMA 1997  |p 3416178  |r 2025-04-07  |s 2025-03-28  |w 2019-11-20  |y BK  |k LIT